Zkušenosti z přestavby a výstavby národního hospodářství v Československu na socialistických základech /

Hlavní autor: Andrášik, Ladislav, 1939-
Další autoři: Šelešovský, Jan, 1947-
Jazyk: Čeština
Vydáno: [Praha : Rudé právo], 1981
Fyzický popis: 8 s.
Knihy
Uloženo v:
LEADER 00822nam a22002172a 4500
001 001700983
003 CZ BrMZK
005 20190811221145.0
007 ta
008 190811s1981 xr er|||||||||||cze d
040 |a BOA001  |b cze  |e aacr2 
100 1 |a Andrášik, Ladislav,  |d 1939-  |7 mzk2008479475  |4 aut 
245 1 0 |a Zkušenosti z přestavby a výstavby národního hospodářství v Československu na socialistických základech /  |c Ladislav Andrášik, Jan Šelešovský 
260 |a [Praha :  |b Rudé právo],  |c 1981 
300 |a 8 s. 
700 1 |a Šelešovský, Jan,  |d 1947-  |7 jn20010309844 
772 0 8 |i Samostatná příloha seriálu:  |t Tribuna,  |g 1981, č. 7 
910 |a BOA001  |b X2-0841.894 
990 |a BK 
991 |b 201908 
996 6 |b 2618825468  |c X2-0841.894  |l MZK  |r Sklad / do 24 hodin  |n 0  |w 001747647  |u 000010  |a 1  |e BOA001  |j MZK50  |s P